000 00656nam a22002177a 4500
003 UA-OsUOA
001 46184
007 ta
008 20070608b un ||||| |||| 00| 0 ukr d
100 _aПрес-служба Президента України
090 _a32
_bП-12
942 _cSA
040 _aUA-OsUOA
_bukr
_cUA-OsUOA
_dUA-OsUOA
245 _aВіктор Ющенко в Польщі взяв участь у заходах, присвячених 60-м роковинам операції "вісла"
300 _aС.1
955 _a0
041 _aukr
080 _a32
773 0 _w45629
650 7 _a32 Політика
_2UDC
999 _c332278
_d332278